[Event "European Online Club-ch-E 2021"]
[Site "Online"]
[Date "2021.03.27"]
[Round "6.8"]
[White "Tarlabasi, Emirhan"]
[Black "Ince, Safiye Oyku"]
[Result "1-0"]
[WhiteElo "2301"]
[BlackElo "1995"]
[Annotator "NA"]
[PlyCount "61"]
[EventDate "2021.03.27"]
[EventType "team-tourn"]
[EventCountry "NET"]
[SourceTitle "playchess.com"]
[Source "ChessBase"]
[SourceQuality "1"]
[TimeControl "900+5"]

1. d4 {[%emt 0:00:00]} Nf6 {[%emt 0:00:04]} 2. c4 {[%emt 0:00:04]} e6 {[%emt 0:00:03]} 3. Nf3 {[%emt 0:00:05]} b6 {[%emt 0:00:03]} 4. a3 {[%emt 0:00:04]} Ba6 {[%emt 0:00:15]} 5. Qc2 {[%emt 0:00:17]} c5 {[%emt 0:00:04]} 6. d5 {[%emt 0:00:13]} exd5 {[%emt 0:00:04]} 7. cxd5 {[%emt 0:00:13]} g6 {[%emt 0:00:17]} 8. Nc3 {[%emt 0:01:30]} Bg7 {[%emt 0:00:13]} 9. h4 {[%emt 0:00:16]} d6 {[%emt 0:03:09]} 10. Bf4 {[%emt 0:03:59]} b5 {[%emt 0:01:53]} 11. e3 {[%emt 0:01:17]} O-O {[%emt 0:03:40]} 12. h5 {[%emt 0:02:04]} b4 {[%emt 0:00:40]} 13. axb4 {[%emt 0:00:44]} Bxf1 {[%emt 0:00:07]} 14. Kxf1 {[%emt 0:00:04]} cxb4 {[%emt 0:00:14]} 15. Nb5 {[%emt 0:00:17]} Qb6 {[%emt 0:01:46]} 16. Nc7 {[%emt 0:01:50]} b3 {[%emt 0:02:06]} 17. Nxa8 {[%emt 0:01:10]} bxc2 {[%emt 0:00:03]} 18. Nxb6 {[%emt 0:00:02]} axb6 {[%emt 0:00:01]} 19. h6 {[%emt 0:00:55]} Bh8 {[%emt 0:00:04]} 20. Rc1 {[%emt 0:00:34]} Rc8 {[%emt 0:00:55]} 21. Nd4 {[%emt 0:00:23]} Nxd5 {[%emt 0:00:19]} 22. Rxc2 {[%emt 0:00:08]} Rxc2 {[%emt 0:00:09]} 23. Nxc2 {[%emt 0:00:03]} Nxf4 {[%emt 0:00:04]} 24. exf4 {[%emt 0:00:01]} Bxb2 {[%emt 0:00:13]} 25. Ke2 {[%emt 0:00:15]} Nd7 {[%emt 0:00:09]} 26. Rd1 {[%emt 0:00:10]} Kf8 {[%emt 0:00:26]} 27. Rxd6 {[%emt 0:00:07]} Ke7 {[%emt 0:00:02]} 28. Rc6 {[%emt 0:00:07]} Bf6 {[%emt 0:00:04]} 29. Kd3 {[%emt 0:00:17]} b5 {[%emt 0:00:03]} 30. Ne3 {[%emt 0:00:06]} b4 {[%emt 0:00:04]} 31. Nd5+ {[%emt 0:00:02]} 1-0

[Event "European Online Club-ch-E 2021"]
[Site "Online"]
[Date "2021.03.27"]
[Round "6.9"]
[White "Mamedyarov, Shakhriyar"]
[Black "Sirosh, Ilja"]
[Result "1-0"]
[WhiteElo "2770"]
[BlackElo "2400"]
[Annotator "TA"]
[PlyCount "47"]
[EventDate "2021.03.27"]
[EventType "team-tourn"]
[EventCountry "NET"]
[SourceTitle "playchess.com"]
[Source "ChessBase"]
[SourceQuality "1"]

{[%evp 9,47,15,34,14,28,19,32,23,31,16,25,16,23,22,19,26,27,0,18,11,10,8,94,96,103,108,107,107,112,114,120,86,71,23,28,0,137,77,602,604]} 1. e4 c5 2. c3 Nf6 3. e5 Nd5 4. Bc4 Nb6 5. Bb3 c4 6. Bc2 {B22: Sicilian: 2 c3.} d6 7. exd6 Qxd6 8. Qe2 $5 {[%mdl 4] White is slightly better. Recently 8.Na3 got a lot of attention. Exploring less charted territory.} g6 9. Na3 Be6 10. b3 cxb3 11. axb3 {[%cal Ba2b3,Bb3c4,Bc4c5][%mdl 32]} Nc6 12. Nf3 Bg7 13. d4 O-O 14. O-O {[#]} Bd5 $146 ({Predecessor:} 14... Bg4 15. Nc4 Qc7 16. Ne3 Bxf3 17. Qxf3 Rfd8 18. Rd1 e6 19. Qg3 Qxg3 20. hxg3 Rac8 {½-½ (28) Paehtz,T (2342)-Gottschalk,J (2267) Germany 2008}) 15. Nc4 Nxc4 (15... Qc7 $11) 16. bxc4 $16 Bxf3 17. Qxf3 Rac8 18. c5 Qd7 19. Rd1 Rfd8 20. Bf4 e5 21. dxe5 Qe7 22. Re1 Re8 {[#]} (22... Nxe5 $11 {keeps the balance.} 23. Qe3 Rxc5) 23. Bb3 (23. e6 $142 $1 {Strongly threatening Bb3.} Qf6 24. exf7+ Qxf7 25. Rab1) 23... a6 $2 {[%mdl 8192]} (23... Nxe5 $16 24. Bxe5 Rxc5) 24. e6 $1 {[%cal Re6f7] Weighted Error Value: White=0.16/Black=0.57} 1-0

[Event "European Online Club-ch-E 2021"]
[Site "Online"]
[Date "2021.03.27"]
[Round "6.10"]
[White "Chukavin, Kirill"]
[Black "Guseinov, Gadir"]
[Result "0-1"]
[WhiteElo "2384"]
[BlackElo "2665"]
[Annotator "ChessBase"]
[PlyCount "26"]
[EventDate "2021.03.27"]
[EventType "team-tourn"]
[EventCountry "NET"]
[SourceTitle "playchess.com"]
[Source "ChessBase"]
[SourceQuality "1"]
[TimeControl "900+5"]

1. e4 {[%emt 0:00:00]} c5 {[%emt 0:00:02]} 2. Nc3 {[%emt 0:00:02]} g6 {[%emt 0:00:07]} 3. d4 {[%emt 0:00:26]} cxd4 {[%emt 0:00:02]} 4. Qxd4 {[%emt 0:00:02]} Nf6 {[%emt 0:00:01]} 5. e5 {[%emt 0:01:39]} Nc6 {[%emt 0:00:04]} 6. Qf4 {[%emt 0:00:02]} Nh5 {[%emt 0:00:07]} 7. Qe4 {[%emt 0:00:31]} d6 {[%emt 0:01:17]} 8. g4 {[%emt 0:01:40]} f5 {[%emt 0:00:03]} 9. gxf5 {[%emt 0:01:24]} Bxf5 {[%emt 0:00:04]} 10. Qa4 {[%emt 0:00:01]} Bg7 {[%emt 0:00:08]} 11. Nf3 {[%emt 0:00:42]} O-O {[%emt 0:00:09]} 12. Qb3+ {[%emt 0:03:24]} Kh8 {[%emt 0:00:08]} 13. Qxb7 {[%emt 0:00:16]} Rc8 {[%emt 0:00:10]} 0-1

[Event "European Online Club-ch-E 2021"]
[Site "Online"]
[Date "2021.03.27"]
[Round "6.11"]
[White "Durarbayli, Vasif"]
[Black "Kukk, Sander"]
[Result "1-0"]
[WhiteElo "2606"]
[BlackElo "2230"]
[Annotator "ChessBase"]
[PlyCount "45"]
[EventDate "2021.03.27"]
[EventType "team-tourn"]
[EventCountry "NET"]
[SourceTitle "playchess.com"]
[Source "ChessBase"]
[SourceQuality "1"]
[TimeControl "900+5"]

1. e4 {[%emt 0:00:00]} g6 {[%emt 0:00:03]} 2. d4 {[%emt 0:00:04]} Bg7 {[%emt 0:00:01]} 3. Nc3 {[%emt 0:00:02]} d6 {[%emt 0:00:02]} 4. Be3 {[%emt 0:00:34]} Nf6 {[%emt 0:00:12]} 5. h3 {[%emt 0:00:12]} O-O {[%emt 0:00:02]} 6. Nf3 {[%emt 0:00:04]} c6 {[%emt 0:00:14]} 7. Qd2 {[%emt 0:00:14]} Qc7 {[%emt 0:00:27]} 8. Bh6 {[%emt 0:00:07]} e5 {[%emt 0:00:06]} 9. O-O-O {[%emt 0:00:14]} Nbd7 {[%emt 0:00:25]} 10. h4 {[%emt 0:02:04]} b5 {[%emt 0:03:39]} 11. Bxg7 {[%emt 0:04:33]} Kxg7 {[%emt 0:00:00]} 12. dxe5 {[%emt 0:00:03]} dxe5 {[%emt 0:00:06]} 13. h5 {[%emt 0:00:28]} Nc5 {[%emt 0:02:26]} 14. Qg5 {[%emt 0:04:02]} h6 {[%emt 0:02:38]} 15. Qh4 {[%emt 0:00:04]} Rh8 {[%emt 0:00:37]} 16. hxg6 {[%emt 0:00:12]} fxg6 {[%emt 0:00:02]} 17. Bxb5 {[%emt 0:01:06]} g5 {[%emt 0:01:49]} 18. Nxg5 {[%emt 0:00:03]} cxb5 {[%emt 0:00:11]} 19. Nf3 {[%emt 0:01:20]} Qe7 {[%emt 0:01:12]} 20. Qg3+ {[%emt 0:00:11]} Ng4 {[%emt 0:00:43]} 21. Rh5 {[%emt 0:00:14]} Qf7 {[%emt 0:00:24]} 22. Rxe5 {[%emt 0:00:03]} b4 {[%emt 0:00:44]} 23. Rxc5 {[%emt 0:00:07]} 1-0

[Event "European Online Club-ch-E 2021"]
[Site "Online"]
[Date "2021.03.27"]
[Round "6.12"]
[White "Liiva, Riho"]
[Black "Safarli, Eltaj"]
[Result "1/2-1/2"]
[WhiteElo "2443"]
[BlackElo "2598"]
[Annotator "ChessBase"]
[PlyCount "124"]
[EventDate "2021.03.27"]
[EventType "team-tourn"]
[EventCountry "NET"]
[SourceTitle "playchess.com"]
[Source "ChessBase"]
[SourceQuality "1"]
[TimeControl "900+5"]

1. e4 {[%emt 0:00:00]} e5 {[%emt 0:00:11]} 2. Nf3 {[%emt 0:00:14]} Nc6 {[%emt 0:00:02]} 3. Nc3 {[%emt 0:00:04]} Nf6 {[%emt 0:00:08]} 4. Bb5 {[%emt 0:00:05]} Bb4 {[%emt 0:00:06]} 5. O-O {[%emt 0:00:11]} O-O {[%emt 0:00:03]} 6. Bxc6 {[%emt 0:00:21]} dxc6 {[%emt 0:00:05]} 7. d3 {[%emt 0:00:05]} Nd7 {[%emt 0:01:05]} 8. Ne2 {[%emt 0:00:34]} Re8 {[%emt 0:00:52]} 9. h3 {[%emt 0:00:10]} Nf8 {[%emt 0:00:03]} 10. Nh2 {[%emt 0:00:03]} Ng6 {[%emt 0:00:13]} 11. Kh1 {[%emt 0:00:13]} Bd6 {[%emt 0:01:34]} 12. f4 {[%emt 0:00:13]} exf4 {[%emt 0:00:02]} 13. Nxf4 {[%emt 0:00:02]} c5 {[%emt 0:00:22]} 14. Qf3 {[%emt 0:00:48]} Be6 {[%emt 0:01:12]} 15. Nxe6 {[%emt 0:01:42]} fxe6 {[%emt 0:00:03]} 16. Qh5 {[%emt 0:00:06]} Bxh2 {[%emt 0:01:07]} 17. Kxh2 {[%emt 0:00:14]} Qd4 {[%emt 0:00:12]} 18. Qe2 {[%emt 0:01:08]} Rf8 {[%emt 0:00:15]} 19. c3 {[%emt 0:00:13]} Qd6+ {[%emt 0:01:34]} 20. Kg1 {[%emt 0:04:44]} Rxf1+ {[%emt 0:00:07]} 21. Qxf1 {[%emt 0:00:02]} Rf8 {[%emt 0:00:15]} 22. Qe2 {[%emt 0:00:24]} Ne5 {[%emt 0:01:12]} 23. Be3 {[%emt 0:00:56]} Qxd3 {[%emt 0:00:07]} 24. Re1 {[%emt 0:00:06]} Qxe2 {[%emt 0:01:12]} 25. Rxe2 {[%emt 0:00:06]} b6 {[%emt 0:00:01]} 26. Bf2 {[%emt 0:00:09]} Nd3 {[%emt 0:01:49]} 27. Bg3 {[%emt 0:00:05]} c6 {[%emt 0:00:47]} 28. Bd6 {[%emt 0:00:11]} Rd8 {[%emt 0:00:23]} 29. e5 {[%emt 0:00:03]} c4 {[%emt 0:00:08]} 30. b3 {[%emt 0:00:03]} cxb3 {[%emt 0:00:30]} 31. axb3 {[%emt 0:00:03]} Rd7 {[%emt 0:00:01]} 32. Re3 {[%emt 0:00:20]} Nf4 {[%emt 0:00:17]} 33. c4 {[%emt 0:00:22]} a5 {[%emt 0:00:23]} 34. h4 {[%emt 0:01:12]} b5 {[%emt 0:00:08]} 35. g3 {[%emt 0:00:03]} Ng6 {[%emt 0:00:05]} 36. cxb5 {[%emt 0:00:23]} cxb5 {[%emt 0:00:02]} 37. Rc3 {[%emt 0:00:01]} Ne7 {[%emt 0:00:12]} 38. Rc5 {[%emt 0:00:12]} Nf5 {[%emt 0:00:30]} 39. Rxb5 {[%emt 0:00:08]} Nxd6 {[%emt 0:00:02]} 40. exd6 {[%emt 0:00:04]} Rxd6 {[%emt 0:00:01]} 41. Kf2 {[%emt 0:00:43]} Rd5 {[%emt 0:00:06]} 42. Rb7 {[%emt 0:00:02]} Rd4 {[%emt 0:00:22]} 43. Re7 {[%emt 0:00:14]} Rb4 {[%emt 0:00:14]} 44. Rxe6 {[%emt 0:00:07]} Rxb3 {[%emt 0:00:01]} 45. Ra6 {[%emt 0:00:02]} Ra3 {[%emt 0:00:07]} 46. h5 {[%emt 0:00:15]} a4 {[%emt 0:00:09]} 47. Ra7 {[%emt 0:00:16]} Ra1 {[%emt 0:00:05]} 48. Kf3 {[%emt 0:00:03]} a3 {[%emt 0:00:05]} 49. Kg4 {[%emt 0:00:02]} h6 {[%emt 0:00:04]} 50. Ra8+ {[%emt 0:00:04]} Kf7 {[%emt 0:00:01]} 51. Ra6 {[%emt 0:00:07]} a2 {[%emt 0:00:13]} 52. Ra3 {[%emt 0:00:09]} Ke6 {[%emt 0:00:03]} 53. Ra6+ {[%emt 0:00:02]} Kd5 {[%emt 0:00:03]} 54. Ra5+ {[%emt 0:00:01]} Ke4 {[%emt 0:00:02]} 55. Ra8 {[%emt 0:00:04]} Ke3 {[%emt 0:00:02]} 56. Ra3+ {[%emt 0:00:03]} Kd4 {[%emt 0:00:02]} 57. Ra4+ {[%emt 0:00:02]} Kc3 {[%emt 0:00:01]} 58. Ra8 {[%emt 0:00:02]} Kb3 {[%emt 0:00:02]} 59. Rb8+ {[%emt 0:00:02]} Kc4 {[%emt 0:00:01]} 60. Ra8 {[%emt 0:00:03]} Kb3 {[%emt 0:00:01]} 61. Rb8+ {[%emt 0:00:02]} Kc4 {[%emt 0:00:02]} 62. Ra8 {[%emt 0:00:01]} Kb3 {[%emt 0:00:01]} 1/2-1/2

[Event "European Online Club-ch-E 2021"]
[Site "Online"]
[Date "2021.03.27"]
[Round "6.13"]
[White "Oparin, Grigoriy"]
[Black "Westerberg, Jonathan"]
[Result "1-0"]
[WhiteElo "2652"]
[BlackElo "2534"]
[Annotator "ChessBase"]
[PlyCount "123"]
[EventDate "2021.03.27"]
[EventType "team-tourn"]
[EventCountry "NET"]
[SourceTitle "playchess.com"]
[Source "ChessBase"]
[SourceQuality "1"]
[TimeControl "900+5"]

1. Nf3 {[%emt 0:00:00]} d5 {[%emt 0:00:05]} 2. g3 {[%emt 0:00:02]} Nd7 {[%emt 0:00:04]} 3. d4 {[%emt 0:00:02]} Nb6 {[%emt 0:00:03]} 4. Nc3 {[%emt 0:00:05]} Nf6 {[%emt 0:00:04]} 5. Bg2 {[%emt 0:00:03]} h6 {[%emt 0:00:15]} 6. Qd3 {[%emt 0:00:38]} c6 {[%emt 0:00:54]} 7. O-O {[%emt 0:00:05]} g6 {[%emt 0:00:04]} 8. e4 {[%emt 0:00:11]} dxe4 {[%emt 0:00:16]} 9. Nxe4 {[%emt 0:00:00]} Bg7 {[%emt 0:00:01]} 10. Nxf6+ {[%emt 0:00:13]} Bxf6 {[%emt 0:00:03]} 11. Re1 {[%emt 0:00:01]} Bf5 {[%emt 0:00:25]} 12. Qe2 {[%emt 0:00:23]} Bg4 {[%emt 0:00:52]} 13. h3 {[%emt 0:00:08]} Bxf3 {[%emt 0:00:08]} 14. Qxf3 {[%emt 0:00:00]} Bg7 {[%emt 0:00:22]} 15. c3 {[%emt 0:00:12]} O-O {[%emt 0:00:05]} 16. h4 {[%emt 0:00:01]} e6 {[%emt 0:00:21]} 17. Re2 {[%emt 0:00:59]} Nd5 {[%emt 0:00:05]} 18. Bd2 {[%emt 0:00:05]} a6 {[%emt 0:00:11]} 19. Rd1 {[%emt 0:00:17]} a5 {[%emt 0:00:03]} 20. b3 {[%emt 0:01:19]} a4 {[%emt 0:00:20]} 21. c4 {[%emt 0:00:02]} Ne7 {[%emt 0:00:15]} 22. Bb4 {[%emt 0:00:36]} Re8 {[%emt 0:00:03]} 23. h5 {[%emt 0:00:07]} g5 {[%emt 0:00:06]} 24. Red2 {[%emt 0:00:08]} axb3 {[%emt 0:00:08]} 25. axb3 {[%emt 0:00:03]} Qc7 {[%emt 0:00:46]} 26. Bh3 {[%emt 0:01:10]} Rad8 {[%emt 0:00:27]} 27. Rd3 {[%emt 0:00:02]} b6 {[%emt 0:00:19]} 28. Ba3 {[%emt 0:00:53]} Ra8 {[%emt 0:01:54]} 29. Bb4 {[%emt 0:01:45]} Rad8 {[%emt 0:00:09]} 30. Qe3 {[%emt 0:00:09]} Bf6 {[%emt 0:00:30]} 31. Ba3 {[%emt 0:01:36]} Kg7 {[%emt 0:00:31]} 32. Qf3 {[%emt 0:02:04]} Rd7 {[%emt 0:00:28]} 33. Bg2 {[%emt 0:00:55]} Rc8 {[%emt 0:00:33]} 34. Bb2 {[%emt 0:00:28]} Rcd8 {[%emt 0:00:21]} 35. Qe2 {[%emt 0:00:18]} Ng8 {[%emt 0:01:41]} 36. b4 {[%emt 0:00:21]} Qd6 {[%emt 0:01:35]} 37. Bc3 {[%emt 0:00:40]} Ne7 {[%emt 0:00:38]} 38. Qb2 {[%emt 0:00:17]} Kg8 {[%emt 0:00:10]} 39. c5 {[%emt 0:00:43]} Qc7 {[%emt 0:00:30]} 40. d5 {[%emt 0:00:02]} Bxc3 {[%emt 0:00:30]} 41. d6 {[%emt 0:00:02]} Bxb2 {[%emt 0:01:03]} 42. dxc7 {[%emt 0:00:02]} Nd5 {[%emt 0:00:04]} 43. cxd8=Q+ {[%emt 0:00:01]} Rxd8 {[%emt 0:00:02]} 44. cxb6 {[%emt 0:01:07]} Rb8 {[%emt 0:00:08]} 45. b5 {[%emt 0:00:01]} Rxb6 {[%emt 0:00:16]} 46. bxc6 {[%emt 0:00:03]} Rxc6 {[%emt 0:00:02]} 47. Bxd5 {[%emt 0:00:03]} exd5 {[%emt 0:00:03]} 48. Rxd5 {[%emt 0:00:00]} Kg7 {[%emt 0:00:10]} 49. Rd7 {[%emt 0:00:07]} Rf6 {[%emt 0:00:20]} 50. R1d5 {[%emt 0:00:03]} Ba3 {[%emt 0:00:12]} 51. Kg2 {[%emt 0:00:01]} Bb4 {[%emt 0:00:07]} 52. Rd3 {[%emt 0:00:16]} Re6 {[%emt 0:00:19]} 53. Rf3 {[%emt 0:00:07]} Be7 {[%emt 0:00:02]} 54. Re3 {[%emt 0:00:03]} Rxe3 {[%emt 0:00:02]} 55. fxe3 {[%emt 0:00:00]} Bc5 {[%emt 0:00:04]} 56. Kf3 {[%emt 0:00:03]} Kf6 {[%emt 0:00:01]} 57. g4 {[%emt 0:00:02]} Be7 {[%emt 0:00:15]} 58. Ke4 {[%emt 0:00:03]} Bc5 {[%emt 0:00:06]} 59. Rc7 {[%emt 0:00:03]} Ba3 {[%emt 0:00:06]} 60. Rc6+ {[%emt 0:00:02]} Kg7 {[%emt 0:00:02]} 61. Kd5 {[%emt 0:00:04]} Bc1 {[%emt 0:00:02]} 62. Rxc1 {[%emt 0:00:03]} 1-0

[Event "European Online Club-ch-E 2021"]
[Site "Online"]
[Date "2021.03.27"]
[Round "6.14"]
[White "Arman, Deniz"]
[Black "Moussard, Jules"]
[Result "1/2-1/2"]
[WhiteElo "2336"]
[BlackElo "2635"]
[Annotator "ChessBase"]
[PlyCount "115"]
[EventDate "2021.03.27"]
[EventType "team-tourn"]
[EventCountry "NET"]
[SourceTitle "playchess.com"]
[Source "ChessBase"]
[SourceQuality "1"]
[TimeControl "900+5"]

1. e4 {[%emt 0:00:00]} c5 {[%emt 0:00:04]} 2. c3 {[%emt 0:00:03]} Nf6 {[%emt 0:00:02]} 3. e5 {[%emt 0:00:01]} Nd5 {[%emt 0:00:01]} 4. d4 {[%emt 0:00:02]} cxd4 {[%emt 0:00:01]} 5. Nf3 {[%emt 0:00:02]} Nc6 {[%emt 0:00:03]} 6. Bc4 {[%emt 0:00:02]} Nb6 {[%emt 0:00:07]} 7. Bb3 {[%emt 0:00:01]} d6 {[%emt 0:00:56]} 8. exd6 {[%emt 0:00:10]} e6 {[%emt 0:00:03]} 9. Nxd4 {[%emt 0:01:35]} Nxd4 {[%emt 0:00:15]} 10. Qxd4 {[%emt 0:00:02]} Qxd6 {[%emt 0:00:06]} 11. Be3 {[%emt 0:01:10]} Qxd4 {[%emt 0:00:29]} 12. Bxd4 {[%emt 0:00:05]} Bd7 {[%emt 0:00:01]} 13. O-O {[%emt 0:00:43]} Bc6 {[%emt 0:00:03]} 14. Nd2 {[%emt 0:01:33]} O-O-O {[%emt 0:00:18]} 15. Nc4 {[%emt 0:00:34]} Nxc4 {[%emt 0:00:09]} 16. Bxc4 {[%emt 0:00:02]} a6 {[%emt 0:00:05]} 17. Rfd1 {[%emt 0:00:46]} Be7 {[%emt 0:00:05]} 18. Bb6 {[%emt 0:00:27]} Rd6 {[%emt 0:00:21]} 19. Rxd6 {[%emt 0:00:09]} Bxd6 {[%emt 0:00:02]} 20. Rd1 {[%emt 0:00:03]} Bc7 {[%emt 0:00:01]} 21. Bxc7 {[%emt 0:00:21]} Kxc7 {[%emt 0:00:02]} 22. f4 {[%emt 0:00:07]} h6 {[%emt 0:00:31]} 23. h4 {[%emt 0:01:23]} g5 {[%emt 0:00:45]} 24. hxg5 {[%emt 0:00:04]} hxg5 {[%emt 0:00:01]} 25. f5 {[%emt 0:01:12]} b5 {[%emt 0:01:12]} 26. Bb3 {[%emt 0:00:06]} exf5 {[%emt 0:00:02]} 27. Bxf7 {[%emt 0:00:03]} f4 {[%emt 0:00:32]} 28. Bd5 {[%emt 0:02:34]} Rd8 {[%emt 0:00:25]} 29. Bf3 {[%emt 0:00:10]} Rxd1+ {[%emt 0:00:08]} 30. Bxd1 {[%emt 0:00:04]} Kd6 {[%emt 0:00:08]} 31. Bf3 {[%emt 0:00:15]} Bd7 {[%emt 0:00:23]} 32. g3 {[%emt 0:01:27]} Ke5 {[%emt 0:01:23]} 33. b4 {[%emt 0:00:56]} Be6 {[%emt 0:02:15]} 34. Bb7 {[%emt 0:00:44]} Bxa2 {[%emt 0:00:04]} 35. Bxa6 {[%emt 0:00:18]} Bc4 {[%emt 0:00:01]} 36. Kf2 {[%emt 0:00:24]} Ke4 {[%emt 0:00:02]} 37. Bb7+ {[%emt 0:00:21]} Bd5 {[%emt 0:00:00]} 38. Ba6 {[%emt 0:00:03]} Bc4 {[%emt 0:00:04]} 39. Bb7+ {[%emt 0:00:01]} Ke5 {[%emt 0:00:02]} 40. Bc6 {[%emt 0:00:03]} Kd6 {[%emt 0:00:32]} 41. Be8 {[%emt 0:00:02]} Ke6 {[%emt 0:00:21]} 42. gxf4 {[%emt 0:00:04]} gxf4 {[%emt 0:00:01]} 43. Bc6 {[%emt 0:00:01]} Ke5 {[%emt 0:00:01]} 44. Be8 {[%emt 0:00:07]} Bd3 {[%emt 0:00:02]} 45. Bd7 {[%emt 0:00:06]} Kd6 {[%emt 0:00:07]} 46. Be8 {[%emt 0:00:04]} Bc4 {[%emt 0:00:03]} 47. Kf3 {[%emt 0:00:08]} Ke5 {[%emt 0:00:01]} 48. Bd7 {[%emt 0:00:15]} Bd3 {[%emt 0:00:05]} 49. Be8 {[%emt 0:00:02]} Kf5 {[%emt 0:00:02]} 50. Bd7+ {[%emt 0:00:02]} Kg5 {[%emt 0:00:00]} 51. Be8 {[%emt 0:00:04]} Bc4 {[%emt 0:00:02]} 52. Bc6 {[%emt 0:00:02]} Kf5 {[%emt 0:00:02]} 53. Bd7+ {[%emt 0:00:01]} Ke5 {[%emt 0:00:01]} 54. Be8 {[%emt 0:00:02]} Bf1 {[%emt 0:00:03]} 55. Kf2 {[%emt 0:00:09]} Bd3 {[%emt 0:00:03]} 56. Kf3 {[%emt 0:00:02]} Bc4 {[%emt 0:00:21]} 57. Bd7 {[%emt 0:00:03]} Bd3 {[%emt 0:00:24]} 58. Be8 {[%emt 0:00:02]} 1/2-1/2

[Event "European Online Club-ch-E 2021"]
[Site "Online"]
[Date "2021.03.27"]
[Round "6.15"]
[White "Gozzoli, Yannick"]
[Black "Cederstam Barsk, Carl"]
[Result "1/2-1/2"]
[WhiteElo "2600"]
[BlackElo "2366"]
[Annotator "ChessBase"]
[PlyCount "114"]
[EventDate "2021.03.27"]
[EventType "team-tourn"]
[EventCountry "NET"]
[SourceTitle "playchess.com"]
[Source "ChessBase"]
[SourceQuality "1"]
[TimeControl "900+5"]

1. d4 {[%emt 0:00:00]} Nf6 {[%emt 0:00:10]} 2. c4 {[%emt 0:00:03]} e6 {[%emt 0:00:02]} 3. Nf3 {[%emt 0:00:02]} d5 {[%emt 0:00:06]} 4. g3 {[%emt 0:00:12]} g6 {[%emt 0:01:18]} 5. Bg2 {[%emt 0:00:06]} Bg7 {[%emt 0:00:02]} 6. O-O {[%emt 0:00:02]} O-O {[%emt 0:00:02]} 7. cxd5 {[%emt 0:00:21]} exd5 {[%emt 0:00:21]} 8. Nc3 {[%emt 0:00:06]} b6 {[%emt 0:01:43]} 9. Ne5 {[%emt 0:00:25]} Be6 {[%emt 0:00:22]} 10. Bf4 {[%emt 0:01:42]} Nh5 {[%emt 0:02:30]} 11. e3 {[%emt 0:00:55]} Nxf4 {[%emt 0:00:35]} 12. exf4 {[%emt 0:00:09]} c6 {[%emt 0:00:17]} 13. b4 {[%emt 0:00:23]} a6 {[%emt 0:00:42]} 14. a4 {[%emt 0:00:04]} Qd6 {[%emt 0:02:12]} 15. b5 {[%emt 0:00:21]} axb5 {[%emt 0:00:33]} 16. axb5 {[%emt 0:00:00]} Rxa1 {[%emt 0:00:02]} 17. Qxa1 {[%emt 0:00:00]} c5 {[%emt 0:00:01]} 18. Rd1 {[%emt 0:02:16]} Nd7 {[%emt 0:02:16]} 19. Qa3 {[%emt 0:03:16]} Rc8 {[%emt 0:00:50]} 20. Nc6 {[%emt 0:00:14]} Bf8 {[%emt 0:00:23]} 21. f5 {[%emt 0:01:45]} Bxf5 {[%emt 0:00:31]} 22. Nxd5 {[%emt 0:00:09]} Bg4 {[%emt 0:00:40]} 23. Re1 {[%emt 0:00:16]} Be6 {[%emt 0:00:10]} 24. dxc5 {[%emt 0:01:05]} Nxc5 {[%emt 0:00:23]} 25. Nxb6 {[%emt 0:00:09]} Qd2 {[%emt 0:00:16]} 26. Qe3 {[%emt 0:00:06]} Qxe3 {[%emt 0:00:22]} 27. Rxe3 {[%emt 0:00:00]} Rc7 {[%emt 0:00:03]} 28. Nd5 {[%emt 0:00:16]} Rb7 {[%emt 0:00:11]} 29. b6 {[%emt 0:01:05]} Bxd5 {[%emt 0:00:02]} 30. Bxd5 {[%emt 0:00:02]} Rxb6 {[%emt 0:00:01]} 31. Ne5 {[%emt 0:00:10]} Ne6 {[%emt 0:00:12]} 32. Nd7 {[%emt 0:00:19]} Rd6 {[%emt 0:00:02]} 33. Nf6+ {[%emt 0:00:03]} Kh8 {[%emt 0:00:05]} 34. Bb3 {[%emt 0:00:09]} Be7 {[%emt 0:00:11]} 35. Ne8 {[%emt 0:00:15]} Rd8 {[%emt 0:00:08]} 36. Bxe6 {[%emt 0:00:04]} fxe6 {[%emt 0:00:10]} 37. Nc7 {[%emt 0:00:01]} Bc5 {[%emt 0:00:06]} 38. Re2 {[%emt 0:00:04]} Rd6 {[%emt 0:00:04]} 39. Nxe6 {[%emt 0:00:01]} Bb6 {[%emt 0:00:01]} 40. Kg2 {[%emt 0:00:03]} Kg8 {[%emt 0:00:02]} 41. f4 {[%emt 0:00:03]} h6 {[%emt 0:00:01]} 42. f5 {[%emt 0:00:27]} gxf5 {[%emt 0:00:02]} 43. Nf4 {[%emt 0:00:01]} Kf7 {[%emt 0:00:04]} 44. Kh3 {[%emt 0:00:01]} Kf6 {[%emt 0:00:05]} 45. Kh4 {[%emt 0:00:03]} Bd4 {[%emt 0:00:11]} 46. Kh5 {[%emt 0:00:06]} Be5 {[%emt 0:00:06]} 47. Ng6 {[%emt 0:00:03]} Bc3 {[%emt 0:00:02]} 48. Nh4 {[%emt 0:00:23]} Rd2 {[%emt 0:00:08]} 49. Rxd2 {[%emt 0:00:06]} Bxd2 {[%emt 0:00:01]} 50. Ng2 {[%emt 0:00:05]} Kf7 {[%emt 0:00:06]} 51. h3 {[%emt 0:00:08]} Kf6 {[%emt 0:00:03]} 52. Nh4 {[%emt 0:00:05]} Bc1 {[%emt 0:00:05]} 53. Nf3 {[%emt 0:00:02]} Be3 {[%emt 0:00:02]} 54. Nh4 {[%emt 0:00:07]} Bf2 {[%emt 0:00:08]} 55. Nxf5 {[%emt 0:00:17]} Kxf5 {[%emt 0:00:01]} 56. Kxh6 {[%emt 0:00:05]} Bxg3 {[%emt 0:00:02]} 57. h4 {[%emt 0:00:01]} Bxh4 {[%emt 0:00:01]} 1/2-1/2